Loading...
| Fine Arts - Auditory Fine Arts | 4 | 10.00 | 100% | 0% | 0% |
| Fine Arts - Other Fine Arts | 7 | 8.57 | 71% | 14% | 0% |
| Fine Arts - Visual Fine Arts | 6 | 6.67 | 50% | 17% | 0% |
| Geography | 2 | 25.00 | 100% | 100% | 50% |
| History - American History | 3 | 6.67 | 67% | 0% | 0% |
| History - European History | 3 | 6.67 | 33% | 33% | 0% |
| History - Other History | 3 | 6.67 | 67% | 0% | 0% |
| History - World History | 5 | 8.00 | 80% | 0% | 0% |
| Literature - American Literature | 3 | 10.00 | 100% | 0% | 0% |
| Literature - British Literature | 4 | 12.50 | 100% | 25% | 0% |
| Literature - European Literature | 5 | 18.00 | 100% | 80% | 0% |
| Literature - World Literature | 6 | 20.00 | 100% | 33% | 67% |
| Mythology | 1 | 10.00 | 0% | 0% | 100% |
| Philosophy | 2 | 0.00 | 0% | 0% | 0% |
| Religion | 2 | 15.00 | 100% | 50% | 0% |
| Science - Biology | 6 | 15.00 | 100% | 50% | 0% |
| Science - Chemistry | 6 | 16.67 | 100% | 33% | 33% |
| Science - Other Science | 4 | 7.50 | 50% | 25% | 0% |
| Science - Physics | 5 | 10.00 | 80% | 20% | 0% |
| Social Science | 2 | 15.00 | 100% | 50% | 0% |